Statistics for Countries Names Ending in Y

Click here to take the quiz!

General Stats

  • This quiz has been taken 306 times
    (180 since last reset)
  • The average score is 5 of 8

Answer Stats

Country% Correct
Paraguay
83%
Uruguay
83%
Germany
78%
Hungary
66%
Italy
64%
Norway
60%
Turkey
50%
Vatican City
30%

Score Distribution

Percentile by Number Answered

Percent of People with Each Score

Your Score History

You have not taken this quiz since the last reset